000 01426cam a22001934a 4500
999 _c1535
_d1535
020 _a9780470233337 (alk. paper)
022 _a9780470233337
050 0 0 _aHB172
_b.B49 2008
100 1 _aBesanko, David,
245 1 0 _aSudy guide microeconomics /
_cDavid A. Besanko, Ronald R. Braeutigam.
250 _a3rd ed.
260 _aHoboken, NJ :
_bJohn Wiley & Sons,
_cc2008.
300 _axx, 726 p. :
_bcol. ill. ;
_c27 cm.
500 _aIncludes index.
505 _aMachine derived contents note: Part 1 -- Introduction To Microeconomics -- 1. Analyzing Economic Problems -- 2. Demand and Supply Analysis -- Part 2 -- Consumer Theory -- 3. Consumer Preferences and the Concept of Utility -- 4. Consumer Choice -- 5. The Theory of Demand -- Part 3- Production and Cost Theory -- 6. Inputs and Production Functions -- 7. Costs and Cost Minimization -- 8. Cost Curves -- Part 4 -- Perfect Competition -- 9. Perfectly Competitive Markets -- 10. Competitive Markets: Applications -- Part 5 -- Market Power -- 11. Monopoly and Monopsony -- 12. Capturing Surplus -- Part 6 -- Imperfect Competition and Strategic Behavior -- 13. Market Structure and Competition -- 14. Game Theory and Strategic Behavior -- Part 7 -- Special Topics -- 15. Risk and Information -- 16. General Equilibrium -- 17. Externalities and Public Goods.
650 0 _aMicroeconomics.
700 1 _aBraeutigam, Ronald R.
942 _cBK